[Event "MVP-ch Seniors op 19th"]
[Site "Ostseebad Binz"]
[Date "2019.11.29"]
[Round "3"]
[White "Graubaum, Hans Joachim"]
[Black "Lewald, Stephan"]
[Result "0-1"]
[WhiteElo "2019"]
[BlackElo "1908"]
[PlyCount "80"]
[EventDate "2019.11.27"]
[EventType "swiss"]
[EventRounds "9"]
[EventCountry "GER"]
[SourceTitle "EXT 2021"]
[Source "ChessBase"]
[SourceDate "2020.10.23"]
[SourceVersion "1"]
[SourceVersionDate "2020.10.23"]
[SourceQuality "1"]

1. e4 c5 2. c3 g6 3. d4 cxd4 4. cxd4 d5 5. e5 Bg7 6. Nf3 Bg4 7. Bb5+ Nd7 8. Nc3 a6 9. Be2 e6 10. h3 Bxf3 11. Bxf3 Ne7 12. 0-0 Nc6 13. Be3 0-0 14. Rc1 Rc8 15. Qd2 b5 16. Bg4 Re8 17. Rfd1 Nb6 18. b3 Nd7 19. f4 Bf8 20. Qf2 Ba3 21. Bf3 Bxc1 22. Rxc1 Qa5 23. f5 Ncxe5 24. dxe5 Rxc3 25. Rxc3 Qxc3 26. Bd4 Qc1+ 27. Kh2 Qf4+ 28. Kh1 Rc8 29. Be3 Qxe5 30. fxg6 hxg6 31. g4 Qf6 32. Qe2 Qe5 33. Qd2 Qa1+ 34. Kg2 Qc3 35. Qf2 Qc2 36. Be2 Qxa2 37. Bh6 Rc2 38. Kf1 Qxb3 39. h4 Rxe2 40. Qxe2 Qc4 0-1

[Event "MVP-ch Seniors op 19th"]
[Site "Ostseebad Binz"]
[Date "2019.11.28"]
[Round "2"]
[White "Hildenstein, Bernt"]
[Black "Graubaum, Hans Joachim"]
[Result "0-1"]
[WhiteElo "1698"]
[BlackElo "2019"]
[PlyCount "24"]
[EventDate "2019.11.27"]
[EventType "swiss"]
[EventRounds "9"]
[EventCountry "GER"]
[SourceTitle "EXT 2021"]
[Source "ChessBase"]
[SourceDate "2020.10.23"]
[SourceVersion "1"]
[SourceVersionDate "2020.10.23"]
[SourceQuality "1"]

1. e4 e5 2. Nf3 Nc6 3. Bc4 Nf6 4. d3 Bc5 5. 0-0 d6 6. a3 Bg4 7. Nc3 Nd4 8. Be3 Nxf3+ 9. gxf3 Bh3 10. Re1 Nh5 11. Ne2 Bxe3 12. fxe3 Qg5+ 0-1

[Event "MVP-ch Seniors op 17th"]
[Site "Binz"]
[Date "2017.12.04"]
[Round "6.27"]
[White "Graubaum, Hans Joachim"]
[Black "Just, Joachim"]
[Result "1/2-1/2"]
[WhiteElo "2017"]
[BlackElo "1902"]
[PlyCount "90"]
[EventDate "2017.11.29"]
[EventType "swiss"]
[EventRounds "9"]
[EventCountry "GER"]
[SourceTitle "EXT 2019"]
[Source "ChessBase"]
[SourceDate "2018.10.10"]
[SourceVersion "1"]
[SourceVersionDate "2018.10.10"]
[SourceQuality "1"]

1. e4 e6 2. d4 d5 3. Nd2 Nc6 4. Ngf3 Nf6 5. e5 Nd7 6. Bb5 a6 7. Bxc6 bxc6 8. 0-0 c5 9. c3 Be7 10. Re1 Bb7 11. Nb3 a5 12. Be3 c4 13. Nbd2 a4 14. a3 0-0 15. Nf1 c5 16. Ng3 Bc6 17. Rc1 Rb8 18. Rc2 Rb7 19. h3 Qc7 20. Nh5 Rfb8 21. Bc1 Qd8 22. g4 Nf8 23. Nf4 Be8 24. Kg2 cxd4 25. Nxd4 Rb6 26. Rce2 Bc5 27. Kg3 Qe7 28. Ng2 f6 29. Nf3 Rb3 30. Nd4 R3b6 31. f4 fxe5 32. fxe5 Ng6 33. h4 Qc7 34. h5 Nf8 35. Nf4 Be7 36. Nf3 Rb3 37. Nd4 R3b6 38. Nh3 Qd8 39. Nf3 Rb3 40. Rf1 Nd7 41. Nd4 R3b6 42. Nf4 Nf8 43. Rh1 R8b7 44. Qf1 Bc5 45. Qd1 Be7 1/2-1/2

[Event "MVP-ch Seniors op 16th"]
[Site "Binz"]
[Date "2016.11.27"]
[Round "5.24"]
[White "Rieck, Helmut"]
[Black "Graubaum, Hans Joachim"]
[Result "0-1"]
[WhiteElo "1939"]
[BlackElo "2023"]
[PlyCount "58"]
[EventDate "2016.11.23"]
[EventType "swiss"]
[EventRounds "9"]
[EventCountry "GER"]
[SourceTitle "EXT 2018"]
[Source "ChessBase"]
[SourceDate "2017.10.13"]
[SourceVersion "1"]
[SourceVersionDate "2017.10.13"]
[SourceQuality "1"]

1. Nf3 Nf6 2. g3 d5 3. c4 d4 4. d3 c5 5. Bg2 Nc6 6. 0-0 e5 7. e3 Be7 8. exd4 exd4 9. Re1 0-0 10. Bg5 h6 11. Bxf6 Bxf6 12. Nbd2 Qc7 13. Ne4 Be7 14. Re2 Bg4 15. h3 Bxf3 16. Bxf3 Ne5 17. Bg2 f5 18. f4 fxe4 19. fxe5 e3 20. Bd5+ Kh8 21. Kh2 Qxe5 22. Qg1 Rab8 23. Rf1 b6 24. Qg2 Rxf1 25. Qxf1 Rf8 26. Qg2 Bd6 27. h4 Qh5 28. Kh3 Qf5+ 29. Kh2 Qxd3 0-1

[Event "Miedzyzdroje OB Seniors 24th"]
[Site "Miedzyzdroje"]
[Date "2016.06.22"]
[Round "6"]
[White "Graubaum, Hans Joachim"]
[Black "Nuenchert, Reinhard"]
[Result "1/2-1/2"]
[WhiteElo "2025"]
[BlackElo "1957"]
[PlyCount "55"]
[EventDate "2016.06.17"]
[EventType "swiss"]
[EventRounds "9"]
[EventCountry "POL"]
[SourceTitle "EXT 2019"]
[Source "ChessBase"]
[SourceDate "2018.10.10"]
[SourceVersion "1"]
[SourceVersionDate "2018.10.10"]
[SourceQuality "1"]

1. e4 e6 2. d4 d5 3. Nd2 dxe4 4. Nxe4 Bd7 5. Nf3 Bc6 6. Bd3 Be7 7. 0-0 Nf6 8. Re1 Nxe4 9. Bxe4 Bxe4 10. Rxe4 Nd7 11. Re1 Nf6 12. Bg5 0-0 13. c4 c6 14. Qb3 Qb6 15. Qc2 Rfe8 16. Rad1 Rad8 17. a3 Qc7 18. b4 b6 19. h3 Qb7 20. Bxf6 Bxf6 21. Qe4 h6 22. g4 g6 23. h4 Bg7 24. g5 h5 25. b5 Rc8 26. Ne5 Bxe5 27. dxe5 Qc7 28. Rd6 1/2-1/2

[Event "Miedzyzdroje OB Seniors 24th"]
[Site "Miedzyzdroje"]
[Date "2016.06.17"]
[Round "1"]
[White "Santura, Janusz"]
[Black "Graubaum, Hans Joachim"]
[Result "0-1"]
[WhiteElo "1701"]
[BlackElo "2025"]
[PlyCount "102"]
[EventDate "2016.06.17"]
[EventType "swiss"]
[EventRounds "9"]
[EventCountry "POL"]
[SourceTitle "EXT 2019"]
[Source "ChessBase"]
[SourceDate "2018.10.10"]
[SourceVersion "1"]
[SourceVersionDate "2018.10.10"]
[SourceQuality "1"]

1. d4 Nf6 2. Nf3 d5 3. Bg5 e6 4. e3 Be7 5. Nbd2 h6 6. Bf4 Nbd7 7. Bd3 0-0 8. Ne5 c5 9. c3 Qb6 10. Rb1 Bd6 11. h4 Qc7 12. Ndf3 c4 13. Bc2 b5 14. g4 Ne4 15. g5 h5 16. Nxd7 Bxd7 17. Ne5 g6 18. f3 Bxe5 19. Bxe5 Nd6 20. Qe2 Qb6 21. Qh2 Ne8 22. Qf4 Bc6 23. Kd2 b4 24. Rbe1 a5 25. e4 Qb7 26. Rhf1 a4 27. Qe3 Rd8 28. Bf6 Rd7 29. Rb1 b3 30. axb3 axb3 31. Bd1 dxe4 32. fxe4 Bxe4 33. Ra1 Ng7 34. Be2 Nf5 35. Qf4 Qc6 36. Ra5 Bd3 37. Bxd3 cxd3 38. Kxd3 Qg2 39. Rf2 Qh1 40. Rh2 Qb1+ 41. Kc4 Nd6+ 42. Kb4 Rc8 43. Qf3 Rb7+ 44. Qxb7 Nxb7 45. Rb5 Nd6 46. Rb6 Qc2 47. Be5 Qd3 48. Kxb3 Nb5 49. Rb8 Rxb8 50. Bxb8 Nxd4+ 51. Kb4 Nc6+ 0-1

[Event "Berlin-ch Seniors op 32nd"]
[Site "Berlin"]
[Date "2016.01.29"]
[Round "4"]
[White "Graubaum, Hans Joachim"]
[Black "Stein, Siegfried"]
[Result "1/2-1/2"]
[WhiteElo "2031"]
[BlackElo "1804"]
[PlyCount "57"]
[EventDate "2016.01.26"]
[EventType "swiss"]
[EventRounds "9"]
[EventCountry "GER"]
[SourceTitle "EXT 2019"]
[Source "ChessBase"]
[SourceDate "2018.10.10"]
[SourceVersion "1"]
[SourceVersionDate "2018.10.10"]
[SourceQuality "1"]

1. e4 c5 2. c3 d5 3. exd5 Qxd5 4. d4 Nc6 5. Nf3 Bg4 6. Be2 cxd4 7. cxd4 e6 8. 0-0 Nf6 9. Nc3 Qa5 10. Qb3 Bb4 11. a3 Bxc3 12. bxc3 0-0 13. Be3 Qc7 14. Rab1 Na5 15. Qa2 Rac8 16. c4 Bxf3 17. gxf3 b6 18. Rfd1 h6 19. Qc2 Rfd8 20. Bd3 Qe7 21. Qa4 Qd7 22. Qb4 Kh8 23. Be4 Nc6 24. Qc3 Na5 25. Qd3 Qa4 26. c5 bxc5 27. Qa6 Nxe4 28. fxe4 c4 29. Qxa7 1/2-1/2

[Event "Berlin-ch Seniors op 32nd"]
[Site "Berlin"]
[Date "2016.01.27"]
[Round "2"]
[White "Graubaum, Hans Joachim"]
[Black "Weber, Viktor"]
[Result "1-0"]
[WhiteElo "2031"]
[BlackElo "1615"]
[PlyCount "22"]
[EventDate "2016.01.26"]
[EventType "swiss"]
[EventRounds "9"]
[EventCountry "GER"]
[SourceTitle "EXT 2019"]
[Source "ChessBase"]
[SourceDate "2018.10.10"]
[SourceVersion "1"]
[SourceVersionDate "2018.10.10"]
[SourceQuality "1"]

1. e4 e5 2. Nf3 Nc6 3. Bc4 Bc5 4. c3 d6 5. d4 exd4 6. cxd4 Bb4+ 7. Nc3 h6 8. d5 Nce7 9. Qa4+ Bd7 10. Qxb4 c5 11. dxc6 Bxc6 1-0

[Event "Miedzyzdroje OB Seniors 23rd"]
[Site "Miedzyzdroje"]
[Date "2015.06.19"]
[Round "3"]
[White "Graubaum, Hans Joachim"]
[Black "Solek, Zenon"]
[Result "0-1"]
[WhiteElo "2140"]
[BlackElo "1851"]
[PlyCount "67"]
[EventDate "2015.06.17"]
[EventType "swiss"]
[EventRounds "8"]
[EventCountry "POL"]
[SourceTitle "EXT 2018"]
[Source "ChessBase"]
[SourceDate "2017.10.13"]
[SourceVersion "1"]
[SourceVersionDate "2017.10.13"]
[SourceQuality "1"]

1. e4 d5 2. exd5 Nf6 3. Nc3 Nxd5 4. d4 Bf5 5. Bc4 e6 6. Nxd5 exd5 7. Bd3 Be6 8. Nf3 Be7 9. 0-0 0-0 10. Ne5 Qc8 11. Re1 Bf6 12. Bf4 g6 13. Bh6 Bg7 14. Bxg7 Kxg7 15. h4 Nc6 16. Nxc6 bxc6 17. Qe2 Qd8 18. Qe5+ Qf6 19. Qxc7 Rfc8 20. Qe5 c5 21. dxc5 Rxc5 22. b4 Qxe5 23. Rxe5 Rc3 24. a4 Kf6 25. f4 Rd8 26. Rd1 Rb8 27. Rb1 a5 28. b5 Ra3 29. Kf2 Rxa4 30. g3 Rb4 31. Rxb4 axb4 32. Ke3 Ke7 33. Kd4 Kd6 34. f5 0-1

[Event "Sachsen-Anhalt-ch Seniors 23rd"]
[Site "Halberstadt"]
[Date "2015.06.03"]
[Round "4"]
[White "Rychlik, Kurt"]
[Black "Graubaum, Hans Joachim"]
[Result "1-0"]
[WhiteElo "1879"]
[BlackElo "2004"]
[PlyCount "101"]
[EventDate "2015.05.31"]
[EventType "swiss"]
[EventRounds "7"]
[EventCountry "GER"]
[SourceTitle "EXT 2018"]
[Source "ChessBase"]
[SourceDate "2017.10.13"]
[SourceVersion "1"]
[SourceVersionDate "2017.10.13"]
[SourceQuality "1"]

1. Nf3 Nf6 2. g3 d5 3. d3 c5 4. Nbd2 Nc6 5. Bg2 e5 6. e4 dxe4 7. dxe4 Bg4 8. 0-0 Be7 9. Re1 0-0 10. c3 Qc7 11. h3 Bd7 12. Nc4 Rad8 13. Qc2 Be6 14. Ne3 h6 15. Nh4 Rfe8 16. Nhf5 Bf8 17. g4 g6 18. Ng3 Be7 19. b3 b5 20. Bd2 a5 21. Rad1 Kg7 22. Qc1 Rh8 23. c4 bxc4 24. bxc4 Nb4 25. Bxb4 axb4 26. Nd5 Bxd5 27. exd5 Bd6 28. Qb2 Rhe8 29. f3 Ra8 30. h4 Nd7 31. h5 Ra3 32. hxg6 fxg6 33. Ne4 Rf8 34. Rf1 Rf4 35. Rfe1 Nf6 36. Nxd6 Qxd6 37. Rxe5 Rxa2 38. Qxa2 Qxe5 39. Qa7+ Kg8 40. Qxc5 b3 41. Qc8+ Qe8 42. Qxe8+ Nxe8 43. d6 Nf6 44. d7 Nxd7 45. Rxd7 Rxc4 46. Rb7 Rc3 47. Kh2 Kf8 48. Kg3 g5 49. Bf1 Rc1 50. Bd3 Rc3 51. Be4 1-0

[Event "Berlin-ch Seniors op 31st"]
[Site "Berlin"]
[Date "2015.01.29"]
[Round "1"]
[White "Nietsch, Horst"]
[Black "Graubaum, Hans Joachim"]
[Result "0-1"]
[WhiteElo "1590"]
[BlackElo "1991"]
[PlyCount "87"]
[EventDate "2015.01.29"]
[EventType "swiss"]
[EventRounds "9"]
[EventCountry "GER"]
[SourceTitle "EXT 2018"]
[Source "ChessBase"]
[SourceDate "2017.10.13"]
[SourceVersion "1"]
[SourceVersionDate "2017.10.13"]
[SourceQuality "1"]

1. e4 e5 2. Nf3 Nc6 3. Bb5 a6 4. Ba4 Nf6 5. d3 b5 6. Bb3 Be7 7. 0-0 d6 8. a4 Bg4 9. Nc3 Nd4 10. axb5 axb5 11. Rxa8 Qxa8 12. Be3 Bxf3 13. gxf3 Nxb3 14. cxb3 b4 15. Ne2 c5 16. Ng3 0-0 17. Nf5 Re8 18. Kh1 Bf8 19. Rg1 g6 20. Qc2 Kh8 21. Bg5 Nh5 22. Ng3 Ng7 23. Qc4 Re6 24. Bh6 Kg8 25. h4 Be7 26. h5 Bf8 27. hxg6 hxg6 28. f4 exf4 29. Bxf4 Qd8 30. Kg2 Qf6 31. Bc1 Re8 32. Qd5 Ne6 33. Qc6 Rd8 34. Qb7 Nd4 35. f4 Nxb3 36. Qb6 Nxc1 37. e5 Qe7 38. Rxc1 dxe5 39. Re1 Rxd3 40. Ne4 Kg7 41. Nf2 Rd2 42. fxe5 Rxb2 43. e6 Qh4 44. Qc7 0-1

[Event "MVP-ch Seniors op 14th"]
[Site "Binz"]
[Date "2014.12.01"]
[Round "7"]
[White "Mueller Clostermann, Bruno"]
[Black "Graubaum, Hans Joachim"]
[Result "1-0"]
[WhiteElo "2010"]
[BlackElo "1959"]
[PlyCount "124"]
[EventDate "2014.11.25"]
[EventType "swiss"]
[EventRounds "9"]
[EventCountry "GER"]
[SourceTitle "EXT 2016"]
[Source "ChessBase"]
[SourceDate "2015.10.08"]
[SourceVersion "1"]
[SourceVersionDate "2015.10.08"]
[SourceQuality "1"]

1. Nf3 Nf6 2. g3 c5 3. Bg2 Nc6 4. 0-0 g6 5. c4 Bg7 6. d4 cxd4 7. Nxd4 0-0 8. Nc3 a6 9. h3 Qc7 10. Nb3 d6 11. Bg5 Be6 12. Nd5 Bxd5 13. cxd5 Ne5 14. Rc1 Qd8 15. Qd2 Rc8 16. Qb4 b5 17. Na5 Qb6 18. Be3 Qb8 19. b3 Rfe8 20. f4 Ned7 21. Rxc8 Qxc8 22. Rc1 Qa8 23. Rc7 Qb8 24. Ra7 Nb6 25. Rb7 Nbxd5 26. Bxd5 Nxd5 27. Rxb8 Rxb8 28. Qd2 e6 29. Bd4 Rc8 30. Bxg7 Kxg7 31. Nb7 Rc6 32. Nxd6 Rxd6 33. e4 Rd7 34. exd5 Rxd5 35. Qa5 Rd6 36. Kf2 h5 37. Ke3 Rc6 38. g4 h4 39. Qd8 Rc3+ 40. Kf2 Rxh3 41. Qa5 Rh2+ 42. Kg1 Rc2 43. Qxa6 h3 44. a4 bxa4 45. bxa4 Rg2+ 46. Kh1 Rxg4 47. Qd6 g5 48. a5 gxf4 49. Qd4+ Kg6 50. a6 Kf5 51. a7 Rg8 52. Qd3+ Ke5 53. Qf3 f6 54. a8Q Rxa8 55. Qxa8 Kf5 56. Kh2 Ke5 57. Qf3 Kf5 58. Qxh3+ Ke5 59. Kg2 Kd5 60. Qb3+ Ke5 61. Kf3 Kf5 62. Qc2+ Kg5 1-0

[Event "MVP-ch Seniors op 14th"]
[Site "Binz"]
[Date "2014.11.30"]
[Round "6"]
[White "Graubaum, Hans Joachim"]
[Black "Knaak, Joachim"]
[Result "1-0"]
[WhiteElo "1959"]
[BlackElo "2060"]
[PlyCount "99"]
[EventDate "2014.11.25"]
[EventType "swiss"]
[EventRounds "9"]
[EventCountry "GER"]
[SourceTitle "EXT 2016"]
[Source "ChessBase"]
[SourceDate "2015.10.08"]
[SourceVersion "1"]
[SourceVersionDate "2015.10.08"]
[SourceQuality "1"]

1. e4 c5 2. c3 Nf6 3. e5 Nd5 4. d4 cxd4 5. cxd4 Nc6 6. Nf3 d6 7. Nc3 Nxc3 8. bxc3 dxe5 9. d5 Nb8 10. Nxe5 Nd7 11. Qd4 Nxe5 12. Qxe5 Qd6 13. Qd4 e6 14. Bc4 Bd7 15. 0-0 Qc5 16. dxe6 Bxe6 17. Bxe6 fxe6 18. Qg4 Kf7 19. Qf3+ Kg8 20. Qxb7 Rc8 21. Be3 Qc7 22. Qxa7 Qxa7 23. Bxa7 Rxc3 24. Rfc1 Ra3 25. Rc7 h5 26. Be3 Kh7 27. Bd4 Rg8 28. g3 Kg6 29. Rc6 Kf7 30. Re1 Rxa2 31. Rexe6 Rd2 32. Re4 Ba3 33. Rf4+ Ke7 34. Rc7+ Ke6 35. Bxg7 Bd6 36. Rf6+ Kd5 37. Rd7 Kc6 38. Rdf7 Kd5 39. Rd7 Kc6 40. Ra7 Kb6 41. Raf7 Kc6 42. Bf8 Rd5 43. Rxd6+ Rxd6 44. Bxd6 Kxd6 45. Rh7 Rg5 46. f4 Ra5 47. Kg2 Ke6 48. Kh3 Kf6 49. Kh4 Kg6 50. Re7 1-0